000 00545nam a2200145Ia 4500
008 100122s9999 xx 000 0 und d
082 _b51616
_a923.254
100 _aलेले अरविंद
245 _aखासदार अटल बिहारीवाजपेयी
260 _bनितीन प्रकाशन
_c1995
300 _a301
630 _aखासदार अटल बिहारीवाजपेयी
730 _aखासदार अटल बिहारीवाजपेयी
942 _cBOOK
999 _c428994
_d428991